Διηγήματα

Αποθηκεύτηκε σε:
Λεπτομέρειες βιβλιογραφικής εγγραφής
Κύριος συγγραφέας: Κρανιδιώτης, Νίκος, 1911-1997
Μορφή: Βιβλίο
Γλώσσα:Greek
Δημοσίευση: Λευκωσία : Πολιτιστικές Υπηρεσίες Υπουργείου Παιδείας και Πολιτισμού, 1994.
Σειρά:Ελληνική λογοτεχνία Κύπρου ; 8
Θέματα:
Ετικέτες: Προσθήκη ετικέτας
Δεν υπάρχουν, Καταχωρήστε ετικέτα πρώτοι!

MARC

LEADER 00000cam a2200000 i 4500
001 1/18903
008 120423s1994 cy | ||| |||| ||gre||
020 |a 9963000347 
035 |l 10112235 
040 |a GR-MY-UA  |b gre  |e aacr 
041 0 |a gre 
082 7 |a 889.3   |2 (22) 
100 1 |a Κρανιδιώτης, Νίκος,   |d 1911-1997. 
245 1 0 |a Διηγήματα /   |c Νίκου Κρανιδιώτη.  
260 |a Λευκωσία :   |b Πολιτιστικές Υπηρεσίες Υπουργείου Παιδείας και Πολιτισμού,   |c 1994.  
300 |a 280 σ. ;   |c 22 εκ. 
490 1 |a (Ελληνική λογοτεχνία Κύπρου ;   |v 8) 
650 0 0 |a Greek literature, Modern  |z Cyprus. 
830 0 |a Ελληνική λογοτεχνία Κύπρου ;  |v 8 
852 |a INST  |b RHODES  |e 20120423  |h 889.3 ΚΡΑ  |p 005400034281  |q 005400034281  |t BK  |y 0 
901 |a BIBL4-2012-1 
922 |a 4ΕΛΗ 
970 |z 2012/04/23